| 000 | 00417nam a22001817a 4500 | ||
|---|---|---|---|
| 003 | MPLRDC | ||
| 005 | 20220104124349.0 | ||
| 008 | 210129b ||||| |||| 00| 0 eng d | ||
| 020 | _a7-5059-0482-5 | ||
| 082 | _a910.6 HY | ||
| 100 | _a洪音编 | ||
| 245 |
_a世界属于你 _c |
||
| 250 | _a一版一刷 | ||
| 260 |
_a _b中国文联出版公司 _c1988 |
||
| 300 | _b平 | ||
| 650 | _a | ||
| 942 |
_cBK _o910.6 HY |
||
| 999 |
_c18742 _d18732 |
||